000 01270nam a2200373 i 4500
001 14217
003 KOSZ 005
005 20191012093715.0
008 070916s1972 pl a f 001 0 pol
015 _aPB 1972/2241
040 _aWA N
_cWA N
_dKOSZ 005/RW
046 _k1969
080 _a62.001
100 1 _aBąbiński, Czesław
_d(1915-1997)
_eAutor
245 1 0 _aElementy nauki o projektowaniu /
_cCzesław Bąbiński.
250 _aWydanie 2.
260 _aWarszawa :
_bWydawnictwa Naukowo-Techniczne,
_c1972.
300 _a318, [2] stron, [7] kart tablic :
_bilustracje ;
_c23 cm.
336 _aTekst
_btxt
_2rdacontent
337 _aBez urządzenia pośredniczącego
_bn
_2rdamedia
338 _aWolumin
_bnc
_2rdacarrier
380 _aKsiążki
388 _a1901-2000
490 1 _aProblemy i Metody Techniki.
504 _aBibliografia na stronach [303]-312. Indeks.
658 _aInżynieria i technika
650 4 _aProjektowanie
650 4 _aMetody
650 4 _aNauka
710 2 _aWydawnictwa Naukowo-Techniczne
_4pbl.
830 0 _aProblemy i Metody Techniki
856 _uhttp://koha.tu.koszalin.pl/cgi-bin/koha/opac-detail.pl?biblionumber=14217
_yKatalog online BPK
942 _2UKD
_cKS
999 _c14217
_d14217